000 00950cam a2200313 a 4500
999 _c23262
_d23262
001 vtls008411435
005 20220615113508.0
008 160610s2005 xo l d p 001 0 slo
020 _a8080780633 (viaz.)
035 _a90812A40-568C-4F99-8F04-6B72D809F337
035 _aurn:nbn:sk:snk-amlb14
035 _aurn:nbn:sk:snk-am0092zn
040 _aSVKPO
_bslo
_cSVKPO
_dSNK
041 0 _aslo
044 _axo
_cSK
072 7 _a33
_xEkonómia
_2konspekt
080 _a(075.8)
_2MDT-MRF
080 _a33
_2MDT-MRF
100 1 _aLisý, Ján,
_d1950-
_93145
245 1 0 _aEkonómia v novej ekonomike
_cJán Lisý a kolektív
250 _a1. vyd.
260 _aBratislava
_bIura edition
_c2005
300 _a622 s.
_bsch., tab.
_c25 cm
490 1 _aEkonómia
650 0 7 _aekonómia
_2SNKPH
_93073
650 0 7 _aekonomika
_2SNKPH
_93146
655 7 _aučebnice vysokých škôl
_2SNKPH
_93091